Star Wars (1977): Characters by Picture - Difficult - Statistics

General Stats
  • This quiz has been taken 29 times
  • The average score is 20 of 152
Answer Stats
Picture Hint Answer % Correct
Ben Kenobi
96%
Beru Lars
88%
Chewbacca
88%
Greedo
88%
Han Solo
88%
R2-D2
88%
C-3PO
84%
Darth Vader
84%
Grand Moff Wilhuff Tarkin
80%
Owen Lars
80%
Princess Leia Organa
80%
Special Edition only Boba Fett
76%
Luke Skywalker
76%
Biggs Darklighter
60%
Wedge Antilles
60%
Captain Raymus Antilles
52%
Jek Porkins Piggy
52%
Admiral Wullf Yularen
36%
Jabba the Hutt
36%
Admiral Conan Antonio Motti
28%
Doctor Cornelius Evazan
28%
Garindan ezz Zavor
24%
Jan Dodonna
24%
Ponda Baba
24%
Fiery Figrin D'an
20%
General Cassio Tagge
20%
General Moradmin Bast
16%
Omi
16%
Wuher
16%
Beedo
12%
Jon "Dutch" Vander
12%
Kardue'sai'Malloc
12%
Muftak
12%
R1-G4
12%
R5-D4
12%
Colonel Hurst Romodi
8%
Commander Praji
8%
CZ-1
8%
CZ-3
8%
Garven "Dave" Dreis
8%
General Trech Molock
8%
Hem Dazon
8%
Hrchek Kal Fas
8%
Kabe
8%
Lajaie
8%
Pre-1997 release Lak Sivrak
8%
Lieutenant Shann Childsen
8%
Melas
8%
Momaw Nadon
8%
Myo
8%
Officer Daine Jir
8%
Ohwun De Maal
8%
R2-Q2
8%
R5-D8
8%
U-3PO
8%
Wioslea
8%
2X-3KPR
4%
A'Vor
4%
Bob Hudsol
4%
Bom Vimdin
4%
BoShek
4%
Brea Tonnika
4%
Deleted Scene Camie Marstrap
4%
Captain Edmos Khurgee
4%
Chachi De Maal
4%
Chief Siward Cass
4%
Damono Deomaley
4%
Danz Borin
4%
Davish "Pops" Krail
4%
Del Goren
4%
Dice Ibegon
4%
Elyhek Rue
4%
Feltipern Trevagg
4%
Hol Okand
4%
Ketwol
4%
Lepira
4%
Lieutenant Pol Treidum
4%
Lieutenant Tanbris
4%
M'iiyoom Onith
4%
Mosep Binneed
4%
Nabrun Leids
4%
Neesh
4%
Pons Limbic
4%
Puck Naeco
4%
R2-X2
4%
R3-T2
4%
Sai'torr Kal Fas
4%
Senni Tonnika
4%
Takeel
4%
Theron Nett
4%
Trinto Duaba
4%
Vanden Huyck Willard
4%
Zutton
4%
A'Koba
0%
Anj Zavor
0%
Arhul Hextrophon
0%
Arleil Schous
0%
A'Yark
0%
Braconnor Bakiska
0%
Bren Quersey
0%
Captain Bolvan
0%
Cobb Sonbepol
0%
Col Takbright
0%
Dathcha
0%
Davin Felth
0%
Devin Cant
0%
Djas Puhr
0%
Doikk Na'ts
0%
Elis Helrot
0%
Ensign Cariso Smadis
0%
Feyn Gospic
0%
Gale Torg
0%
Garouf Lafoe
0%
Hennet Kayn
0%
Het Nkik
0%
Ickabel G'ont
0%
Jenny
0%
Jerriko
0%
Deleted Scene Laze Loneozner
0%
Leesub Sirln
0%
Lieutenant Hija
0%
LIN-V8K
0%
Lirin Car'n
0%
M-HYD 6804 Dowser
0%
Nalan Cheel
0%
Nevar Yalnal
0%
Ownellco
0%
R2-A3
0%
R2-A5
0%
R2-F2
0%
R3-M3
0%
R3-T6
0%
R4-E1
0%
R4-I9
0%
R4-M9
0%
R5-A2
0%
R5-K6
0%
Reegesk
0%
Ront Byrnloo
0%
Rycar Ryjerd
0%
Ryle Torsyn
0%
Sun'il Ei'de
0%
Tarvyn Lareka
0%
Tawss Khaa
0%
Tech Mo'r
0%
Tedn Dahai
0%
Tzizvvt
0%
Veertag
0%
Voren Na'al
0%
WED-15-ST68
0%
Yerka Mig
0%
Zubwen
0%
No matching quizzes found
Score Distribution
Percent of People with Each Score
Percentile by Number Answered
Your Score History
You have not taken this quiz